000 00479 a2200157 4500
999 _c7074
_d7074
020 _a9780340905609
050 _aHD31
100 _aHackston, A
_eauthor
245 _aHigher and Intermediate 2 administration:
_bwith answers/
_cAnn Hackston and Margaret Darroch
264 _aPaisley
_bHodder and Gibson
_c2006
300 _a338 pages :
_bill. ; 28cm
500 _aIncludes index
650 _aAdministration
700 _aDarroch Margaret
_eauthor
942 _2lcc
_cBK
_h31
_iHAC
_kHD